| 000 -LEADER |
| fixed length control field |
02060cam a22003738i 4500 |
| 001 - CONTROL NUMBER |
| control field |
21581142 |
| 003 - CONTROL NUMBER IDENTIFIER |
| control field |
MAJU-Karachi |
| 005 - DATE AND TIME OF LATEST TRANSACTION |
| control field |
20220630102801.0 |
| 008 - FIXED-LENGTH DATA ELEMENTS--GENERAL INFORMATION |
| fixed length control field |
200624s2020 nju 001 0 eng |
| 010 ## - LIBRARY OF CONGRESS CONTROL NUMBER |
| LC control number |
2020028779 |
| 020 ## - INTERNATIONAL STANDARD BOOK NUMBER |
| International Standard Book Number |
9781119709152 |
| Qualifying information |
(cloth) |
| 020 ## - INTERNATIONAL STANDARD BOOK NUMBER |
| Cancelled/invalid ISBN |
9781119709176 |
| Qualifying information |
(adobe pdf) |
| 020 ## - INTERNATIONAL STANDARD BOOK NUMBER |
| Cancelled/invalid ISBN |
9781119709169 |
| Qualifying information |
(epub) |
| 040 ## - CATALOGING SOURCE |
| Original cataloging agency |
DLC |
| Language of cataloging |
eng |
| Description conventions |
rda |
| Transcribing agency |
DLC |
| 042 ## - AUTHENTICATION CODE |
| Authentication code |
pcc |
| 050 00 - LIBRARY OF CONGRESS CALL NUMBER |
| Classification number |
658.0563 |
| Item number |
10399 |
| 082 00 - DEWEY DECIMAL CLASSIFICATION NUMBER |
| Classification number |
658/.0563 |
| Edition number |
23 |
| Item number |
10399 |
| 100 1# - MAIN ENTRY--PERSONAL NAME |
| Personal name |
Sinha, Sudhi, |
| Dates associated with a name |
1975- |
| Relator term |
author. |
| 245 10 - TITLE STATEMENT |
| Title |
Reimagining businesses with AI / |
| Statement of responsibility, etc |
Sudhi Sinha, Khaled Al Huraimel. |
| 250 ## - EDITION STATEMENT |
| Edition statement |
First Edition. |
| 263 ## - PROJECTED PUBLICATION DATE |
| Projected publication date |
2009 |
| 300 ## - PHYSICAL DESCRIPTION |
| Extent |
pages cm |
| 500 ## - GENERAL NOTE |
| General note |
Includes index. |
| 520 ## - SUMMARY, ETC. |
| Summary, etc |
"Most organizations who see their survival and success in the future are making artificial intelligence (AI) a part of their core agenda, but their leaders also struggle with developing a roadmap for how to reimagine their world with AI. This book is intended to help both business and technology leaders navigate the complex world of AI with its myriad dimensions in several ways: Understand the opportunity landscape. Develop a framework for business transformation. Investigate the possibilities across multiple sectors like healthcare, education, citizen services, transportation, financial services, smart buildings, and cities, etc. Build a technology foundation and the enabling ecosystems. Address broader societal concerns around ethics, privacy, security Manage the change"-- |
| 650 #0 - SUBJECT ADDED ENTRY--TOPICAL TERM |
| Topical term or geographic name as entry element |
Artificial intelligence |
| General subdivision |
Economic aspects. |
| 650 #0 - SUBJECT ADDED ENTRY--TOPICAL TERM |
| Topical term or geographic name as entry element |
Information technology |
| General subdivision |
Management. |
| 650 #0 - SUBJECT ADDED ENTRY--TOPICAL TERM |
| Topical term or geographic name as entry element |
Organizational learning. |
| 650 #0 - SUBJECT ADDED ENTRY--TOPICAL TERM |
| Topical term or geographic name as entry element |
Organizational change. |
| 700 1# - ADDED ENTRY--PERSONAL NAME |
| Personal name |
Huraimel, Khaled Al, |
| Dates associated with a name |
1974- |
| Relator term |
author. |
| 776 08 - ADDITIONAL PHYSICAL FORM ENTRY |
| Display text |
Online version: |
| Main entry heading |
Sinha, Sudhi, 1975- |
| Title |
Reimagining businesses with ai |
| Edition |
First edition. |
| Place, publisher, and date of publication |
Hoboken : Wiley, 2020. |
| International Standard Book Number |
9781119709176 |
| Record control number |
(DLC) 2020028780 |
| 906 ## - LOCAL DATA ELEMENT F, LDF (RLIN) |
| a |
7 |
| b |
cbc |
| c |
orignew |
| d |
1 |
| e |
ecip |
| f |
20 |
| g |
y-gencatlg |
| 942 ## - ADDED ENTRY ELEMENTS (KOHA) |
| Source of classification or shelving scheme |
|
| Koha item type |
Business |